Livros da Bíblia - Statistics

General Stats
  • This quiz has been taken 55 times
  • The average score is 41 of 66
Answer Stats
Answer % Correct
Gênesis
97%
90%
Êxodo
87%
João
87%
Lucas
87%
Marcos
87%
Apocalipse
84%
Levítico
84%
Mateus
84%
Números
81%
Romanos
77%
Salmos
77%
Atos
74%
Deuteronômio
74%
Provérbios
71%
Daniel
68%
Filipenses
68%
Hebreus
68%
Rute
68%
1 João
65%
1 Reis
65%
1 Samuel
65%
2 João
65%
2 Reis
65%
2 Samuel
65%
Colossenses
65%
Ester
65%
Ezequiel
65%
Josué
65%
Judas
65%
1 Pedro
61%
2 Pedro
61%
3 João
61%
Efésios
61%
Gálatas
61%
Tiago
61%
1 Coríntios
58%
2 Coríntios
58%
Eclesiastes
58%
Isaías
58%
Juízes
58%
1 Crônicas
55%
2 Crônicas
55%
Habacuque
55%
Jeremias
55%
Oseiás
55%
1 Tessalonicenses
52%
2 Tessalonicenses
52%
Amós
52%
Jonas
52%
Lamentações
52%
Malaquias
52%
Neemias
52%
1 Timóteo
48%
2 Timóteo
48%
Esdras
48%
Cânticos
45%
Joel
45%
Naum
45%
Obadias
45%
Sofonias
45%
Tito
45%
Zacarias
42%
Ageu
39%
Filemon
39%
Miquéias
39%
No matching quizzes found
Score Distribution
Percent of People with Each Score
Percentile by Number Answered
Your Score History
You have not taken this quiz